Normal view
MARC view
- Physics
Entry Topical Term
001 - CONTROL NUMBER
- control field: 113566
003 - CONTROL NUMBER IDENTIFIER
- control field: NUST
005 - DATE AND TIME OF LATEST TRANSACTION
- control field: 20230712110743.0
008 - FIXED-LENGTH DATA ELEMENTS
- fixed length control field: 230712|| aca||aabn | a|a d
040 ## - CATALOGING SOURCE
- Original cataloging agency: NUST
- Transcribing agency: NUST
150 ## - HEADING--TOPICAL TERM
- Topical term or geographic name entry element: Physics
- Geographic subdivision: United States
- General subdivision: History
670 ## - SOURCE DATA FOUND
- Source citation: Work cat.: (NUST)180734: Gasiorowicz, Stephen 96020, Quantum Physics /, 2000.
